Mahathir of Malaysia / (Record no. 75)

000 -LEADER
fixed length control field nam a22 a 4500
003 - CONTROL NUMBER IDENTIFIER
control field AKMAL
005 - DATE AND TIME OF LATEST TRANSACTION
control field 20170413160918.0
008 - FIXED-LENGTH DATA ELEMENTS--GENERAL INFORMATION
fixed length control field 000627s1989 xxka 001 eng d
040 ## - CATALOGING SOURCE
Original cataloging agency AKMAL
082 04 - DEWEY DECIMAL CLASSIFICATION NUMBER
Classification number 923.2595
Edition number 21
090 00 - LOCALLY ASSIGNED LC-TYPE CALL NUMBER (OCLC); LOCAL CALL NUMBER (RLIN)
Classification number (OCLC) (R) ; Classification number, CALL (RLIN) (NR) 923.2595
Local cutter number (OCLC) ; Book number/undivided call number, CALL (RLIN) MAH.A
100 1# - MAIN ENTRY--PERSONAL NAME
Personal name Adshead, Robin,
Dates associated with a name 1934-
9 (RLIN) 228
245 10 - TITLE STATEMENT
Title Mahathir of Malaysia /
Statement of responsibility, etc. Robin Adshead
260 ## - PUBLICATION, DISTRIBUTION, ETC.
Place of publication, distribution, etc. United Kingdom :
Name of publisher, distributor, etc. Hibiscus Pub. ,
Date of publication, distribution, etc. 1989
300 00 - PHYSICAL DESCRIPTION
Extent [iv], [187]p. :
Other physical details ill.(some col.) ;
Dimensions 25cm.
600 00 - SUBJECT ADDED ENTRY--PERSONAL NAME
Personal name Mahathir bin Mohamad,
Titles and other words associated with a name Dato' Seri,
Dates associated with a name 1925-
9 (RLIN) 5
650 #0 - SUBJECT ADDED ENTRY--TOPICAL TERM
Topical term or geographic name entry element Prime ministers
Geographic subdivision Malaysia
Form subdivision Biography
9 (RLIN) 47
650 #0 - SUBJECT ADDED ENTRY--TOPICAL TERM
Topical term or geographic name entry element Politicians
Geographic subdivision Malaysia
Form subdivision Biography
9 (RLIN) 215
651 #0 - SUBJECT ADDED ENTRY--GEOGRAPHIC NAME
Geographic name Malaysia
General subdivision Politics and government
9 (RLIN) 44
942 ## - ADDED ENTRY ELEMENTS (KOHA)
Source of classification or shelving scheme
Koha item type Book
Holdings
Withdrawn status Lost status Source of classification or shelving scheme Damaged status Not for loan Collection code Home library Current library Shelving location Date acquired Inventory number Total Checkouts Full call number Barcode Date last seen Price effective from Koha item type
          NON-FICTION AKMAL Melaka AKMAL Melaka PINJAMAN 13.04.2017 900173   923.2595 ADS 201700108 13.04.2017 13.04.2017 Book
Pusat Sumber Maklumat Dato' Haji Sarmin Md Hussin, Akademi Kastam Diraja Malaysia, Melaka
Tel: 06-2331106 | Faks: 06-2313787